Πένα βοήθαμε : ποιήματα

Αποθηκεύτηκε σε:
Λεπτομέρειες βιβλιογραφικής εγγραφής
Κύριος συγγραφέας: Χριστοδουλάκης, Χρήστος Δ. 1924-
Μορφή: Βιβλίο
Γλώσσα:Greek
Δημοσίευση: Αθήνα : [χ.ο], 1974
Θέματα:
Ετικέτες: Προσθήκη ετικέτας
Δεν υπάρχουν, Καταχωρήστε ετικέτα πρώτοι!

MARC

LEADER 00000nam a2200000 i 4500
001 1/44234
008 941103s1974 gre d
035 |a 1990  |l 10042232 
040 |a GR-MY-UA  |b gre  |e aacr 
041 1 |a gre 
082 0 |a 889.1 
100 1 |a Χριστοδουλάκης, Χρήστος Δ.  |d 1924- 
245 1 0 |a Πένα βοήθαμε :  |b ποιήματα /  |c Χρήστου Δ. Χριστοδουλάκη 
260 |a Αθήνα :   |b [χ.ο],   |c 1974 
300 |a 46 σ.;  |c 24 cm. 
650 0 0 |a Greek poetry, Modern. 
650 0 0 |a Poets, Greek (Modern)  |z Greece  |z Samos Island. 
852 |a INST  |b SAMOS  |e 19941103  |h 889.1 ΧΡΙ  |p 005300000645  |q 005300000645  |t BK  |y 0 
909 |a Σ  |b 000227